| 000 | 01040nam a2200325 a 4500 | ||
|---|---|---|---|
| 999 |
_c1533 _d1533 |
||
| 001 | 016941854 | ||
| 003 | UkOxU | ||
| 005 | 20230112080151.0 | ||
| 008 | 050816r20052004enka a 000 1 eng | ||
| 015 |
_aGBA542464 _2bnb |
||
| 020 | _a1842704486 (pbk.) : | ||
| 035 | _a(IeDuTC)IeDuTCb13959192 | ||
| 035 | _a(Uk)013200611 | ||
| 035 | _a(UkLCURL)99013200611 | ||
| 038 | _aUk | ||
| 040 |
_aStDuBDS _c. _dKH8 |
||
| 049 |
_lb _m+ |
||
| 082 | 0 | 4 |
_a823.914 MOR _222 |
| 100 | 1 |
_aMorpurgo, Michael. _eauthor |
|
| 245 | 1 | 0 |
_aDolphin boy / _cMichael Morpurgo and Michael Foreman. |
| 260 |
_aLondon : _bAndersen Press, _c2005. |
||
| 300 |
_a[32] p. : _bcol. ill. ; _c25 x 28 cm. |
||
| 500 | _aOriginally published: 2004. | ||
| 500 |
_aFormerly CIP. _5Uk |
||
| 650 | 0 |
_aFishing villages _zEngland _zCornwall _vPictorial works _vJuvenile fiction. |
|
| 650 | 0 |
_aDolphins _zEngland _zCornwall _vPictorial works _vJuvenile fiction. |
|
| 655 | 0 |
_aChildren's stories _vPictorial works. |
|
| 700 | 1 |
_aForeman, Michael, _d1938- _eauthor |
|
| 942 |
_2ddc _cNFIC |
||